ARRUPE JESUIT UNIVERSITY

CORONAVIRUS -STOP THE SPREAD - CLEAN,DISINFECT,COVER

A Testament of hope (Record no. 4299)

MARC details
000 -LEADER
fixed length control field 00660nam a2200241Ia 4500
003 - CONTROL NUMBER IDENTIFIER
control field 0100
008 - FIXED-LENGTH DATA ELEMENTS--GENERAL INFORMATION
fixed length control field 130227s9999 xx 000 0 und d
020 ## - INTERNATIONAL STANDARD BOOK NUMBER
International Standard Book Number 0062509314
040 ## - CATALOGING SOURCE
Transcribing agency ARRUPELIB
050 ## - LIBRARY OF CONGRESS CALL NUMBER
Classification number E185.97.K5A25 1986
100 ## - MAIN ENTRY--PERSONAL NAME
Personal name King, Martin Luther
245 #2 - TITLE STATEMENT
Title A Testament of hope
245 ## - TITLE STATEMENT
Remainder of title The essential writings of Martin Luther King, Jr.
260 ## - PUBLICATION, DISTRIBUTION, ETC. (IMPRINT)
Place of publication, distribution, etc San Francisco
260 ## - PUBLICATION, DISTRIBUTION, ETC. (IMPRINT)
Name of publisher, distributor, etc Harper & Row
260 ## - PUBLICATION, DISTRIBUTION, ETC. (IMPRINT)
-- 1986
300 ## - PHYSICAL DESCRIPTION
Extent xxvi
300 ## - PHYSICAL DESCRIPTION
Other physical details 676p 23cm
650 ## - SUBJECT ADDED ENTRY--TOPICAL TERM
Topical term following geographic name as entry element Economics--Addresses--essasys--lectures
650 ## - SUBJECT ADDED ENTRY--TOPICAL TERM
Location of event Philosophy--Addresses--essays--lectures
700 ## - ADDED ENTRY--PERSONAL NAME
Personal name Washington, James Melvin (ed)
942 ## - ADDED ENTRY ELEMENTS (KOHA)
Source of classification or shelving scheme Library of Congress Classification
Koha issues (borrowed), all copies 2
Holdings
Withdrawn status Lost status Source of classification or shelving scheme Damaged status Not for loan Collection code Home library Current library Shelving location Date acquired Total Checkouts Full call number Barcode Date last seen Date last borrowed Copy number Price effective from Koha item type
    Library of Congress Classification     Main Collection ARRUPE LIBRARY ARRUPE LIBRARY   27/02/2013 2 E185.97.K5A25 1986 46405732 13/12/2017 14/03/2015 1 27/02/2013 Monograph ( Printed materials)

 

Arrupe Library. PO Box MP320 Mt Pleasant, Harare, Zimbabwe
263 242 745411|librarian@aju.ac.zw